<?xml version="1.0" encoding="UTF-8"?>
<record
    xmlns:xsi="http://www.w3.org/2001/XMLSchema-instance"
    xsi:schemaLocation="http://www.loc.gov/MARC21/slim http://www.loc.gov/standards/marcxml/schema/MARC21slim.xsd"
    xmlns="http://www.loc.gov/MARC21/slim">

  <leader>00458nam a22001577a 4500</leader>
  <controlfield tag="003">OSt</controlfield>
  <controlfield tag="005">20211208164310.0</controlfield>
  <controlfield tag="008">211208b        |||||||| |||| 00| 0 eng d</controlfield>
  <datafield tag="020" ind1=" " ind2=" ">
    <subfield code="a">0-8342-1327-3</subfield>
  </datafield>
  <datafield tag="040" ind1=" " ind2=" ">
    <subfield code="c">Hawassa University</subfield>
  </datafield>
  <datafield tag="050" ind1=" " ind2=" ">
    <subfield code="a">664.93/HAC</subfield>
    <subfield code="b">9</subfield>
  </datafield>
  <datafield tag="082" ind1=" " ind2=" ">
    <subfield code="a">664.93/HAC</subfield>
    <subfield code="b">9</subfield>
  </datafield>
  <datafield tag="245" ind1=" " ind2=" ">
    <subfield code="a">Haccp in Meat, Poultry and Fish Processing:Advances in Meat Research Series V-10</subfield>
  </datafield>
  <datafield tag="260" ind1=" " ind2=" ">
    <subfield code="a">New York</subfield>
    <subfield code="b">An Aspen Publication</subfield>
    <subfield code="c">1999</subfield>
  </datafield>
  <datafield tag="942" ind1=" " ind2=" ">
    <subfield code="2">ddc</subfield>
    <subfield code="c">BOOKS</subfield>
    <subfield code="n">0</subfield>
  </datafield>
  <datafield tag="999" ind1=" " ind2=" ">
    <subfield code="c">21961</subfield>
    <subfield code="d">21961</subfield>
  </datafield>
  <datafield tag="952" ind1=" " ind2=" ">
    <subfield code="0">0</subfield>
    <subfield code="1">0</subfield>
    <subfield code="2">ddc</subfield>
    <subfield code="4">0</subfield>
    <subfield code="7">0</subfield>
    <subfield code="a">002</subfield>
    <subfield code="b">002</subfield>
    <subfield code="d">2021-12-08</subfield>
    <subfield code="l">0</subfield>
    <subfield code="o">664.93/HAC</subfield>
    <subfield code="p">ALIB0004684</subfield>
    <subfield code="r">2021-12-08 00:00:00</subfield>
    <subfield code="t">1</subfield>
    <subfield code="w">2021-12-08</subfield>
    <subfield code="y">BOOKS</subfield>
  </datafield>
  <datafield tag="952" ind1=" " ind2=" ">
    <subfield code="0">0</subfield>
    <subfield code="1">0</subfield>
    <subfield code="2">ddc</subfield>
    <subfield code="4">0</subfield>
    <subfield code="7">0</subfield>
    <subfield code="a">002</subfield>
    <subfield code="b">002</subfield>
    <subfield code="d">2021-12-08</subfield>
    <subfield code="l">0</subfield>
    <subfield code="o">664.93/HAC</subfield>
    <subfield code="p">ALIB0004685</subfield>
    <subfield code="r">2021-12-08 00:00:00</subfield>
    <subfield code="t">2</subfield>
    <subfield code="w">2021-12-08</subfield>
    <subfield code="y">BOOKS</subfield>
  </datafield>
  <datafield tag="952" ind1=" " ind2=" ">
    <subfield code="0">0</subfield>
    <subfield code="1">0</subfield>
    <subfield code="2">ddc</subfield>
    <subfield code="4">0</subfield>
    <subfield code="7">0</subfield>
    <subfield code="a">002</subfield>
    <subfield code="b">002</subfield>
    <subfield code="d">2021-12-08</subfield>
    <subfield code="l">0</subfield>
    <subfield code="o">664.93/HAC</subfield>
    <subfield code="p">ALIB0004686</subfield>
    <subfield code="r">2021-12-08 00:00:00</subfield>
    <subfield code="t">4</subfield>
    <subfield code="w">2021-12-08</subfield>
    <subfield code="y">BOOKS</subfield>
  </datafield>
  <datafield tag="952" ind1=" " ind2=" ">
    <subfield code="0">0</subfield>
    <subfield code="1">0</subfield>
    <subfield code="2">ddc</subfield>
    <subfield code="4">0</subfield>
    <subfield code="7">0</subfield>
    <subfield code="a">002</subfield>
    <subfield code="b">002</subfield>
    <subfield code="d">2021-12-08</subfield>
    <subfield code="l">0</subfield>
    <subfield code="o">664.93/HAC</subfield>
    <subfield code="p">ALIB0004687</subfield>
    <subfield code="r">2021-12-08 00:00:00</subfield>
    <subfield code="t">5</subfield>
    <subfield code="w">2021-12-08</subfield>
    <subfield code="y">BOOKS</subfield>
  </datafield>
  <datafield tag="952" ind1=" " ind2=" ">
    <subfield code="0">0</subfield>
    <subfield code="1">0</subfield>
    <subfield code="2">ddc</subfield>
    <subfield code="4">0</subfield>
    <subfield code="7">0</subfield>
    <subfield code="a">002</subfield>
    <subfield code="b">002</subfield>
    <subfield code="d">2021-12-08</subfield>
    <subfield code="l">0</subfield>
    <subfield code="o">664.93/HAC</subfield>
    <subfield code="p">ALIB0004688</subfield>
    <subfield code="r">2021-12-08 00:00:00</subfield>
    <subfield code="t">6</subfield>
    <subfield code="w">2021-12-08</subfield>
    <subfield code="y">BOOKS</subfield>
  </datafield>
  <datafield tag="952" ind1=" " ind2=" ">
    <subfield code="0">0</subfield>
    <subfield code="1">0</subfield>
    <subfield code="2">ddc</subfield>
    <subfield code="4">0</subfield>
    <subfield code="7">0</subfield>
    <subfield code="a">002</subfield>
    <subfield code="b">002</subfield>
    <subfield code="d">2021-12-08</subfield>
    <subfield code="l">0</subfield>
    <subfield code="o">664.93/HAC</subfield>
    <subfield code="p">ALIB0004689</subfield>
    <subfield code="r">2021-12-08 00:00:00</subfield>
    <subfield code="t">7</subfield>
    <subfield code="w">2021-12-08</subfield>
    <subfield code="y">BOOKS</subfield>
  </datafield>
  <datafield tag="952" ind1=" " ind2=" ">
    <subfield code="0">0</subfield>
    <subfield code="1">0</subfield>
    <subfield code="2">ddc</subfield>
    <subfield code="4">0</subfield>
    <subfield code="7">0</subfield>
    <subfield code="a">002</subfield>
    <subfield code="b">002</subfield>
    <subfield code="d">2021-12-08</subfield>
    <subfield code="l">0</subfield>
    <subfield code="o">664.93/HAC</subfield>
    <subfield code="p">ALIB0004690</subfield>
    <subfield code="r">2021-12-08 00:00:00</subfield>
    <subfield code="t">8</subfield>
    <subfield code="w">2021-12-08</subfield>
    <subfield code="y">BOOKS</subfield>
  </datafield>
  <datafield tag="952" ind1=" " ind2=" ">
    <subfield code="0">0</subfield>
    <subfield code="1">0</subfield>
    <subfield code="2">ddc</subfield>
    <subfield code="4">0</subfield>
    <subfield code="7">0</subfield>
    <subfield code="a">002</subfield>
    <subfield code="b">002</subfield>
    <subfield code="d">2021-12-08</subfield>
    <subfield code="l">0</subfield>
    <subfield code="o">664.93/HAC</subfield>
    <subfield code="p">ALIB0004691</subfield>
    <subfield code="r">2021-12-08 00:00:00</subfield>
    <subfield code="t">9</subfield>
    <subfield code="w">2021-12-08</subfield>
    <subfield code="y">BOOKS</subfield>
  </datafield>
  <datafield tag="952" ind1=" " ind2=" ">
    <subfield code="0">0</subfield>
    <subfield code="1">0</subfield>
    <subfield code="2">ddc</subfield>
    <subfield code="4">0</subfield>
    <subfield code="7">0</subfield>
    <subfield code="a">002</subfield>
    <subfield code="b">002</subfield>
    <subfield code="d">2021-12-08</subfield>
    <subfield code="l">0</subfield>
    <subfield code="o">664.93/HAC</subfield>
    <subfield code="p">ALIB0004692</subfield>
    <subfield code="r">2021-12-08 00:00:00</subfield>
    <subfield code="t">10</subfield>
    <subfield code="w">2021-12-08</subfield>
    <subfield code="y">BOOKS</subfield>
  </datafield>
</record>
